000 00695nam a2200205 i 4500
001 104916
003 ES-MaACL
005 20260617125144.0
007 t|
008 060526s1929 au ||||1| fre d
080 _a782.1 Milhaud, Darius. Christophe Colomb. 089.1
100 1 _aMilhaud, Darius.
_981108
245 1 0 _aChristophe Colomb
_b: opéra en deux parties et vingt sept tableaux /
_cpoème de Paul Claudel ; musique de Darius Milhaud.
260 _aVienne :
_bUniverselle,
_c[1929]
300 _a96 p. ;
_c20 cm.
500 _aBiblioteca Jacinto Martínez Lacalle.
700 _aClaudel, Paul,
_d1868-1955
_9239252
852 _aES-MaACL
_j2237-F-2
_bR.137666
999 _c104916
_d104916